Internetový marketing a jeho využitie v podmienkach SR diplomová práca

Guardado en:
Detalles Bibliográficos
Autor principal: Rupeová, Zuzana
Autor Corporativo: Obchodná fakulta EU. Katedra marketingu
Otros Autores: Čihovská, Viera
Formato: Libro
Lenguaje:eslovaco
Publicado: Bratislava 2009
Etiquetas: Agregar Etiqueta
Sin Etiquetas, Sea el primero en etiquetar este registro!

MARC

LEADER 00000nam$a2200000$$$4500
001 0098023
005 20240318135350.0
041 0 |a slo 
044 |a SK 
245 1 0 |a Internetový marketing a jeho využitie v podmienkach SR  |b diplomová práca  |c Zuzana Rupeová ; škol. Viera Čihovská 
264 1 |a Bratislava  |c 2009 
300 |a 76 s. 
100 1 |a Rupeová, Zuzana 
700 1 |a Čihovská, Viera 
710 2 |a Obchodná fakulta EU. Katedra marketingu